Normal view
MARC view
- Saudi Arabia.
Entry Corporate Name
001 - CONTROL NUMBER
- control field: 151613
003 - CONTROL NUMBER IDENTIFIER
- control field: TR-AnTOB
005 - DATE AND TIME OF LATEST TRANSACTION
- control field: 20260106150200.0
008 - FIXED-LENGTH DATA ELEMENTS
- fixed length control field: 260106n|eazannaab| |n aaa d
040 ## - CATALOGING SOURCE
- Original cataloging agency: TR-AnTOB
- Transcribing agency: TR-AnTOB
110 1# - HEADING--CORPORATE NAME
- Corporate name or jurisdiction name as entry element: Saudi Arabia.
- Subordinate unit: Economic and Research Department



